000 00419nam a22001817a 4500
003 koha_MIRAKIL
005 20231213095449.0
008 231213b |||||||| |||| 00| 0 ||| d
020 _b978-9-75510269-6
040 _aTR-IsEVY
_btur
_cTR-IsEVY
082 _a828.3354 AUS/A
100 _aAUSTER, PAUL.
245 0 _aAY SARAYI.
260 _bCan,
_c2012
300 _a336.
650 _aEdebiyat.
942 _2ddc
_cBK
999 _c4061
_d4061